World Cities in Squares on a Map - Statistics

General Stats
  • This quiz has been taken 251 times
    217 since last reset
  • The average score is 54 of 72
Answers on the Map
Answers color-coded by a green-red scale on the quiz's map according to % correct below.
 
Answer Stats
Answer % Correct
New York
98%
Paris
98%
Moscow
97%
London
96%
Mexico City
96%
Lima
95%
Los Angeles
95%
Tokyo
95%
Buenos Aires
94%
Delhi
94%
Santiago
94%
Sydney
94%
Cairo
93%
Jakarta
93%
Sao Paulo
93%
Beijing
92%
Bogota
91%
Miami
91%
Shanghai
91%
Caracas
90%
Melbourne
90%
Mumbai
90%
Perth
90%
Cape Town
89%
Dallas
89%
Istanbul
89%
Johannesburg
89%
San Francisco
89%
Bangkok
88%
Lagos
87%
Auckland
86%
Saint Petersburg
86%
Ankara
85%
Casablanca
83%
Kinshasa
83%
Karachi
82%
Kuala Lumpur
81%
Nairobi
81%
Dar es Salaam
80%
Brisbane
79%
Calgary
79%
Dakar
79%
Denver
78%
Guangzhou
78%
Khartoum
78%
Alexandria
75%
Muscat
75%
Brasilia
73%
Colombo
70%
Santo Domingo
70%
Tashkent
70%
Manaus
69%
Maputo
67%
Ndjamena
67%
Sapporo
65%
Honolulu
64%
Yaounde
64%
Urumqi
60%
Conakry
55%
Chengdu
54%
Surabaya
51%
Novosibirsk
50%
Belem
47%
Yekaterinburg
47%
Kano
44%
Lisbon
44%
San Juan
40%
Cebu
31%
Krasnoyarsk
29%
Agadir
23%
Baotou
13%
Goiania
12%
No matching quizzes found
Score Distribution
Percent of People with Each Score
Percentile by Number Answered
Your Score History
You have not taken this quiz since the last reset